| 000 | 00626nam a2200205Ia 4500 | ||
|---|---|---|---|
| 005 | 20220616114657.0 | ||
| 008 | 210716s2010 xx 000 0 und d | ||
| 020 | _a9788125939450 | ||
| 040 | _cAIMIT LIBRARY | ||
| 041 | _aeng | ||
| 082 |
_a005.73 _21 _bKHUR |
||
| 100 |
_aKhurana, Rohit. _943353 |
||
| 245 |
_aData and file structure / _cBy Rohit Khurana. |
||
| 250 | _a1st ed. | ||
| 260 |
_aNew Delhi : _bVikas Publishing House Pvt Ltd , _c2010 . |
||
| 300 |
_ax, 366p. ; _c24 cm. |
||
| 650 |
_aLinear data structure array _943354 |
||
| 650 |
_aHashing and file structures _943355 |
||
| 942 |
_2ddc _cBK _e1st _k005.73 KHUR |
||
| 999 |
_c191780 _d191780 |
||